[Event "15. Obert Int. Sant Martí 2013 - B"]
[Site "Barcelona ESP"]
[Date "2013.07.21"]
[Round "9.6"]
[White "Esteban Lupianez, Jose Miguel"]
[Black "Velasco Rebezon, Daniela"]
[Result "0-1"]
[WhiteElo "1788"]
[BlackElo "1651"]
[PlyCount "62"]
[EventDate "2013.07.13"]
[EventType "swiss"]
[EventRounds "9"]
[EventCountry "ESP"]
[SourceTitle "Ajedrez en Madrid"]
[Source "lmi"]
[SourceDate "2013.07.13"]
[SourceVersion "1"]
[SourceVersionDate "2019.06.21"]
[SourceQuality "1"]

1. e4 e6 2. d4 d5 3. exd5 exd5 4. Nf3 Nf6 5. Bd3 c6 6. O-O Bd6 7. h3 O-O 8. Bg5
h6 9. Bh4 Be6 10. Ne5 Nbd7 11. f4 Qb6 12. Bf2 c5 13. b3 cxd4 14. Qe2 Rfe8 15.
Nc3 a6 16. Na4 Qc7 17. Bxd4 b5 18. Nb2 Nc5 19. c4 Nfe4 20. Bxe4 Nxe4 21. Qe3 f6
22. Ned3 Bf5 23. Qc1 Ng3 24. Rf2 Ne2+ 25. Rxe2 Rxe2 26. c5 Bf8 27. Qf1 Rae8 28.
Re1 Rxe1 29. Nxe1 Bxc5 30. Bxc5 Qxc5+ 31. Qf2 Rxe1+ 0-1

[Event "15. Obert Int. Sant Martí 2013 - B"]
[Site "Barcelona ESP"]
[Date "2013.07.21"]
[Round "9.7"]
[White "Kazmierczak, Ewa"]
[Black "Hinarejos Montano, Andres"]
[Result "1/2-1/2"]
[WhiteElo "1574"]
[BlackElo "1610"]
[PlyCount "133"]
[EventDate "2013.07.13"]
[EventType "swiss"]
[EventRounds "9"]
[EventCountry "ESP"]
[SourceTitle "Ajedrez en Madrid"]
[Source "lmi"]
[SourceDate "2013.07.13"]
[SourceVersion "1"]
[SourceVersionDate "2019.06.21"]
[SourceQuality "1"]

1. e4 g6 2. d4 c5 3. Nf3 Bg7 4. Nc3 cxd4 5. Nxd4 a6 6. Be3 e6 7. Be2 Ne7 8. O-O
O-O 9. Qd2 Nbc6 10. Rad1 b5 11. f4 Bb7 12. Bf3 Qc7 13. Nce2 Rad8 14. c3 d5 15.
Nxc6 Bxc6 16. Qe1 dxe4 17. Bg4 Nf5 18. Bxf5 exf5 19. Qf2 Qc8 20. Rd2 Rxd2 21.
Bxd2 Re8 22. Be3 Bd5 23. a3 Bc4 24. Rd1 Rd8 25. Nd4 h6 26. Rd2 Bd3 27. Nb3 Qc4
28. Nc1 Bf6 29. h3 Qc8 30. Nxd3 Rxd3 31. Rxd3 exd3 32. Bd4 Qe6 33. Bxf6 Qxf6
34. g3 Qe6 35. Qd2 Qe4 36. Kf2 f6 37. Qe3 g5 38. b3 Kg7 39. h4 Kg6 40. hxg5
Qxe3+ 41. Kxe3 fxg5 42. Kxd3 gxf4 43. gxf4 h5 44. Ke3 Kf6 45. Kf3 h4 46. Kg2
Ke6 47. Kh3 Kd5 48. Kxh4 a5 49. a4 bxa4 50. bxa4 Kc4 51. Kg5 Kxc3 52. Kxf5 Kb4
53. Ke5 Kxa4 54. f5 Kb3 55. f6 a4 56. f7 a3 57. f8=Q a2 58. Qb8+ Kc2 59. Qa7
Kb1 60. Qb6+ Ka1 61. Qd4+ Kb1 62. Qd1+ Kb2 63. Qd2+ Kb1 64. Qd3+ Kb2 65. Qb5+
Ka1 66. Qe2 Kb1 67. Qd3+ 1/2-1/2

[Event "15. Obert Int. Sant Martí 2013 - B"]
[Site "Barcelona ESP"]
[Date "2013.07.21"]
[Round "9.8"]
[White "Dominguez Carnero, Javier"]
[Black "Alfara Ayllon, Jose Luis"]
[Result "1-0"]
[WhiteElo "1913"]
[BlackElo "1940"]
[PlyCount "63"]
[EventDate "2013.07.13"]
[EventType "swiss"]
[EventRounds "9"]
[EventCountry "ESP"]
[SourceTitle "Ajedrez en Madrid"]
[Source "lmi"]
[SourceDate "2013.07.13"]
[SourceVersion "1"]
[SourceVersionDate "2019.06.21"]
[SourceQuality "1"]

1. d4 d5 2. Nf3 e6 3. Bf4 Nf6 4. c3 Be7 5. e3 O-O 6. Bd3 Nbd7 7. Qc2 c5 8. Nbd2
a6 9. a4 h6 10. h3 b6 11. g4 Ne8 12. Rg1 g5 13. Bg3 Bb7 14. Rh1 Kg7 15. h4 Rh8
16. hxg5 Bxg5 17. O-O-O Nef6 18. Nh2 cxd4 19. f4 dxc3 20. bxc3 Rc8 21. fxg5
hxg5 22. Ndf3 Qe7 23. Nd4 Qc5 24. Kb2 Rh3 25. Rhg1 b5 26. axb5 axb5 27. Qb3 Ne4
28. Bxe4 dxe4 29. Nxe6+ fxe6 30. Rxd7+ Kh8 31. Rxb7 Qxe3 32. Be5+ 1-0

[Event "15. Obert Int. Sant Martí 2013 - B"]
[Site "Barcelona ESP"]
[Date "2013.07.21"]
[Round "9.10"]
[White "Riera Danes, Manel"]
[Black "Masferrer Niubo, Enric"]
[Result "0-1"]
[WhiteElo "1930"]
[BlackElo "1961"]
[PlyCount "107"]
[EventDate "2013.07.13"]
[EventType "swiss"]
[EventRounds "9"]
[EventCountry "ESP"]
[SourceTitle "Ajedrez en Madrid"]
[Source "lmi"]
[SourceDate "2013.07.13"]
[SourceVersion "1"]
[SourceVersionDate "2019.06.21"]
[SourceQuality "1"]

1. e4 d6 2. d4 Nf6 3. Nc3 e5 4. Nf3 Nbd7 5. Bc4 Be7 6. h3 O-O 7. Be3 a6 8. a4
b6 9. O-O Bb7 10. d5 h6 11. Nd2 Nh7 12. Ne2 Bg5 13. Bxg5 hxg5 14. g4 Re8 15.
Re1 Ndf8 16. Ng3 Ng6 17. Bf1 Nf4 18. Ne2 Nxe2+ 19. Qxe2 Nf8 20. Qe3 Ng6 21. b4
Nf4 22. c4 g6 23. c5 Kg7 24. cxb6 cxb6 25. Nc4 b5 26. Na5 Rb8 27. axb5 axb5 28.
Bxb5 Rh8 29. Bf1 Rh4 30. b5 Qh8 31. Ra3 Bc8 32. Qa7 Bxg4 33. Ree3 Ra8 34. Qc7
Bxh3 35. Bxh3 Rxh3 36. Rxh3 Nxh3+ 37. Kf1 Qh4 38. Qc2 Nf4 39. Ke1 Qh1+ 40. Kd2
Qf1 41. Nc4 Rc8 42. Ra4 Qe2+ 43. Kc3 Qf3+ 44. Kb4 Nd3+ 45. Ka5 Ra8+ 46. Kb6
Rxa4 47. Qxa4 Qxf2+ 48. Kc6 Nc5 49. Qa7 Qc2 50. Nxd6 Nxe4+ 51. Kd7 Nf6+ 52. Kd8
Ne4 53. Qxf7+ Kh6 54. Qf3 0-1

[Event "15. Obert Int. Sant Martí 2013 - B"]
[Site "Barcelona ESP"]
[Date "2013.07.21"]
[Round "9.11"]
[White "Blesa Fernandez, Francisco"]
[Black "Colom Andres, Xavier"]
[Result "1-0"]
[WhiteElo "1951"]
[BlackElo "1876"]
[PlyCount "43"]
[EventDate "2013.07.13"]
[EventType "swiss"]
[EventRounds "9"]
[EventCountry "ESP"]
[SourceTitle "Ajedrez en Madrid"]
[Source "lmi"]
[SourceDate "2013.07.13"]
[SourceVersion "1"]
[SourceVersionDate "2019.06.21"]
[SourceQuality "1"]

1. d4 d5 2. c4 c6 3. Nf3 Nf6 4. Nc3 a6 5. e3 b5 6. b3 e6 7. Bd3 Bb4 8. Bd2 Nbd7
9. O-O Qe7 10. Qc2 O-O 11. Ne5 Bb7 12. f4 Bxc3 13. Bxc3 Nxe5 14. fxe5 Ng4 15.
Bxh7+ Kh8 16. Rf3 bxc4 17. Rh3 Nh6 18. bxc4 f5 19. exf6 Qxf6 20. Bb4 Rfd8 21.
Rf1 Qg5 22. Rg3 1-0

[Event "15. Obert Int. Sant Martí 2013 - B"]
[Site "Barcelona ESP"]
[Date "2013.07.21"]
[Round "9.12"]
[White "Torres Maiquez, Sergio"]
[Black "Saiz Rodrigo, Josep Fernando"]
[Result "1-0"]
[WhiteElo "1908"]
[BlackElo "1950"]
[PlyCount "45"]
[EventDate "2013.07.13"]
[EventType "swiss"]
[EventRounds "9"]
[EventCountry "ESP"]
[SourceTitle "Ajedrez en Madrid"]
[Source "lmi"]
[SourceDate "2013.07.13"]
[SourceVersion "1"]
[SourceVersionDate "2019.06.21"]
[SourceQuality "1"]

1. e4 c5 2. Nf3 d6 3. d4 cxd4 4. Nxd4 Nf6 5. Nc3 a6 6. Be3 e5 7. Nb3 Be6 8. f3
Be7 9. Qd2 O-O 10. O-O-O a5 11. Bb5 Na6 12. Qf2 Qc8 13. Na4 Qd8 14. Nb6 Rb8 15.
g4 Bxg4 16. Rhg1 Bh5 17. Qg2 Bg6 18. h4 h5 19. Bc4 d5 20. Nxd5 Nxd5 21. Bxd5
Qe8 22. Qxg6 Bf6 23. Qxf6 1-0

[Event "15. Obert Int. Sant Martí 2013 - B"]
[Site "Barcelona ESP"]
[Date "2013.07.21"]
[Round "9.13"]
[White "Espinosa Cebrian, Carlos"]
[Black "Cartro Turu, Gabriel"]
[Result "1-0"]
[WhiteElo "1861"]
[BlackElo "1944"]
[PlyCount "95"]
[EventDate "2013.07.13"]
[EventType "swiss"]
[EventRounds "9"]
[EventCountry "ESP"]
[SourceTitle "Ajedrez en Madrid"]
[Source "lmi"]
[SourceDate "2013.07.13"]
[SourceVersion "1"]
[SourceVersionDate "2019.06.21"]
[SourceQuality "1"]

1. d4 d5 2. c4 e6 3. Nf3 Nf6 4. g3 c6 5. Bg2 Bb4+ 6. Nc3 Ne4 7. Qc2 Qa5 8. Bd2
Nxd2 9. Nxd2 O-O 10. O-O Nd7 11. e4 dxe4 12. Nb3 Qh5 13. Nxe4 Be7 14. f4 f5 15.
Ned2 Nf6 16. h3 Rd8 17. Nf3 Ne4 18. g4 Qg6 19. Ne5 Qh6 20. Kh2 Nd6 21. g5 Qh5
22. Kg3 Qe8 23. Rad1 Nf7 24. Nf3 g6 25. h4 h6 26. Nc1 hxg5 27. hxg5 Kg7 28. Nd3
Qd7 29. Qc3 Qc7 30. d5+ Kg8 31. dxc6 Bxg5 32. Nfe5 Bf6 33. Rfe1 g5 34. Qc1
gxf4+ 35. Qxf4 Nxe5 36. cxb7 Qg7+ 37. Kh2 Bxb7 38. Bxb7 Ng4+ 39. Kh3 Qh7+ 40.
Kg3 Bh4+ 41. Kf3 Qxb7+ 42. Ke2 Qg2+ 43. Nf2 Nxf2 44. Rg1 Rxd1 45. Rxg2+ Kf7 46.
Qxh4 Rad8 47. Qh7+ Kf6 48. Qg7# 1-0

[Event "15. Obert Int. Sant Martí 2013 - B"]
[Site "Barcelona ESP"]
[Date "2013.07.21"]
[Round "9.14"]
[White "Catalan Escale, Enric"]
[Black "Tadevosyan, Galust"]
[Result "1/2-1/2"]
[WhiteElo "1988"]
[BlackElo "1732"]
[PlyCount "39"]
[EventDate "2013.07.13"]
[EventType "swiss"]
[EventRounds "9"]
[EventCountry "ESP"]
[SourceTitle "Ajedrez en Madrid"]
[Source "lmi"]
[SourceDate "2013.07.13"]
[SourceVersion "1"]
[SourceVersionDate "2019.06.21"]
[SourceQuality "1"]

1. e4 c5 2. c3 e6 3. d4 d5 4. e5 Nc6 5. Nf3 Nh6 6. a3 c4 7. Bxh6 gxh6 8. Nbd2
Bd7 9. Be2 Na5 10. O-O Qb6 11. Qc2 Be7 12. Ne1 Nb3 13. Nxb3 Ba4 14. f4 Bxb3 15.
Qd2 O-O-O 16. Rf3 Rdg8 17. Rh3 Rg6 18. Bh5 Rg7 19. Bf3 Rg6 20. Bh5 1/2-1/2

[Event "15. Obert Int. Sant Martí 2013 - B"]
[Site "Barcelona ESP"]
[Date "2013.07.21"]
[Round "9.15"]
[White "Walter Travella, German"]
[Black "Ferres Saez, Joan"]
[Result "1-0"]
[WhiteElo "1973"]
[BlackElo "1752"]
[PlyCount "61"]
[EventDate "2013.07.13"]
[EventType "swiss"]
[EventRounds "9"]
[EventCountry "ESP"]
[SourceTitle "Ajedrez en Madrid"]
[Source "lmi"]
[SourceDate "2013.07.13"]
[SourceVersion "1"]
[SourceVersionDate "2019.06.21"]
[SourceQuality "1"]

1. e4 g6 2. d4 Bg7 3. Nc3 a6 4. f4 d6 5. Be3 b5 6. Be2 Bb7 7. Bf3 Nd7 8. e5 c6
9. Nge2 Nb6 10. O-O Nh6 11. Ng3 O-O 12. b3 Qc7 13. exd6 exd6 14. f5 Nxf5 15.
Nxf5 gxf5 16. Qd2 Kh8 17. Bh5 Bc8 18. Bh6 Rg8 19. g4 c5 20. Be3 Qe7 21. Rae1
Qh4 22. dxc5 b4 23. Bd4 bxc3 24. Bxg7+ Kxg7 25. Qxc3+ Kh6 26. Qd2+ Rg5 27.
Qxd6+ Kg7 28. Qe5+ Kh6 29. Qf6+ Rg6 30. Qxh4 Rxg4+ 31. Bxg4+ 1-0

[Event "15. Obert Int. Sant Martí 2013 - B"]
[Site "Barcelona ESP"]
[Date "2013.07.21"]
[Round "9.16"]
[White "Aguilera Bonaque, Juan Carlos"]
[Black "Aparicio Escudero, Hector F."]
[Result "1-0"]
[WhiteElo "1957"]
[BlackElo "1747"]
[PlyCount "79"]
[EventDate "2013.07.13"]
[EventType "swiss"]
[EventRounds "9"]
[EventCountry "ESP"]
[SourceTitle "Ajedrez en Madrid"]
[Source "lmi"]
[SourceDate "2013.07.13"]
[SourceVersion "1"]
[SourceVersionDate "2019.06.21"]
[SourceQuality "1"]

1. f4 d5 2. Nf3 Nf6 3. g3 g6 4. Bg2 Bg7 5. O-O O-O 6. d3 c6 7. Qe1 Qb6+ 8. Kh1
Ng4 9. Nc3 Ne3 10. Bxe3 Qxe3 11. Nd1 Qb6 12. e4 dxe4 13. dxe4 Be6 14. c3 Nd7
15. e5 Bc4 16. Rf2 Nc5 17. Qe3 Rad8 18. Nd4 Bd5 19. f5 Bxg2+ 20. Kxg2 Nd7 21.
e6 Bxd4 22. cxd4 Nf6 23. exf7+ Rxf7 24. fxg6 hxg6 25. Qg5 Qxd4 26. Qxg6+ Rg7
27. Qf5 Qd5+ 28. Qxd5+ cxd5 29. Nc3 Ng4 30. Re2 d4 31. Rd1 d3 32. Ree1 Rf7 33.
Ne4 Rf5 34. h3 Nf6 35. Nf2 d2 36. Rxe7 Rc5 37. Rxb7 Rc1 38. Rb4 Rxd1 39. Nxd1
Ne8 40. Rf4 1-0

[Event "15. Obert Int. Sant Martí 2013 - B"]
[Site "Barcelona ESP"]
[Date "2013.07.21"]
[Round "9.17"]
[White "Jimenez Martinez, Javier"]
[Black "Argemi Camp, Jaume"]
[Result "1-0"]
[WhiteElo "1943"]
[BlackElo "1639"]
[PlyCount "99"]
[EventDate "2013.07.13"]
[EventType "swiss"]
[EventRounds "9"]
[EventCountry "ESP"]
[SourceTitle "Ajedrez en Madrid"]
[Source "lmi"]
[SourceDate "2013.07.13"]
[SourceVersion "1"]
[SourceVersionDate "2019.06.21"]
[SourceQuality "1"]

1. Nf3 g6 2. g3 Bg7 3. Bg2 d6 4. O-O Nf6 5. d3 O-O 6. e4 Nbd7 7. c3 e5 8. Ng5
c6 9. f4 Qb6+ 10. Kh1 a5 11. Nd2 a4 12. Nc4 Qc7 13. Be3 Rb8 14. Qxa4 Ng4 15.
Bg1 Ndf6 16. Qc2 Nh5 17. Ne3 exf4 18. gxf4 Bh6 19. Bf3 Ngf6 20. Bxh5 Nxh5 21.
Qg2 f6 22. Nh3 Bxh3 23. Qxh3 Bxf4 24. Qg4 Qc8 25. Rxf4 Nxf4 26. Qxf4 Qh3 27.
Rf1 Qe6 28. c4 Qe5 29. Qxe5 fxe5 30. Kg2 Rxf1 31. Kxf1 b5 32. cxb5 cxb5 33. Ke2
Rc8 34. Kd2 Kf7 35. Nd5 g5 36. Be3 g4 37. a3 h5 38. Bg5 Rg8 39. Bh4 Rc8 40. Nc3
Rb8 41. Kc2 b4 42. axb4 Rxb4 43. Nd5 Rb8 44. b4 Ke6 45. b5 Kd7 46. b6 Kc6 47.
Kd2 Rf8 48. Bf6 Ra8 49. Ke3 Ra2 50. Nb4+ 1-0

[Event "15. Obert Int. Sant Martí 2013 - B"]
[Site "Barcelona ESP"]
[Date "2013.07.21"]
[Round "9.18"]
[White "Julia Yebra, David"]
[Black "Llados Clos, Jaume"]
[Result "1-0"]
[WhiteElo "1873"]
[BlackElo "1568"]
[PlyCount "47"]
[EventDate "2013.07.13"]
[EventType "swiss"]
[EventRounds "9"]
[EventCountry "ESP"]
[SourceTitle "Ajedrez en Madrid"]
[Source "lmi"]
[SourceDate "2013.07.13"]
[SourceVersion "1"]
[SourceVersionDate "2019.06.21"]
[SourceQuality "1"]

1. c4 e5 2. Nc3 Nf6 3. g3 Bc5 4. e3 Nc6 5. Bg2 d6 6. a3 a6 7. Nge2 O-O 8. O-O
Bf5 9. d3 Qd7 10. b4 Ba7 11. b5 axb5 12. cxb5 Nd8 13. d4 exd4 14. Nxd4 Bh3 15.
Bb2 Bxg2 16. Kxg2 Ne6 17. Nf3 Bb6 18. Nd5 Nxd5 19. Qxd5 Nc5 20. Nh4 Qxb5 21.
Bxg7 Kxg7 22. Qg5+ Kh8 23. Qf6+ Kg8 24. Nf5 1-0

[Event "15. Obert Int. Sant Martí 2013 - B"]
[Site "Barcelona ESP"]
[Date "2013.07.21"]
[Round "9.19"]
[White "Ayats Llobera, Gerard"]
[Black "Pascual Gonzalez-Novelles, Carles"]
[Result "1-0"]
[WhiteElo "1708"]
[BlackElo "1873"]
[PlyCount "59"]
[EventDate "2013.07.13"]
[EventType "swiss"]
[EventRounds "9"]
[EventCountry "ESP"]
[SourceTitle "Ajedrez en Madrid"]
[Source "lmi"]
[SourceDate "2013.07.13"]
[SourceVersion "1"]
[SourceVersionDate "2019.06.21"]
[SourceQuality "1"]

1. e4 e6 2. Nc3 d5 3. Nf3 Nf6 4. e5 Nfd7 5. d4 c5 6. Bb5 Nc6 7. Bxc6 bxc6 8.
O-O cxd4 9. Qxd4 h5 10. Qa4 Qc7 11. Re1 Be7 12. Bg5 Bxg5 13. Nxg5 O-O 14. Qh4
g6 15. Qf4 Nc5 16. Nf3 f5 17. Nh4 Qg7 18. Qg5 Kh7 19. Nxg6 Qxg6 20. Qe7+ Rf7
21. Qxc5 Rg7 22. g3 h4 23. Qd4 hxg3 24. hxg3 c5 25. Qh4+ Kg8 26. Qd8+ Kf7 27.
Nb5 Rg8 28. Nd6+ Kg7 29. Qe7+ Kh6 30. Kg2 1-0

[Event "15. Obert Int. Sant Martí 2013 - B"]
[Site "Barcelona ESP"]
[Date "2013.07.21"]
[Round "9.21"]
[White "Delgado Lozano, Ignacio Maria"]
[Black "Torrents Senal, Marc"]
[Result "1/2-1/2"]
[WhiteElo "1765"]
[BlackElo "1829"]
[PlyCount "71"]
[EventDate "2013.07.13"]
[EventType "swiss"]
[EventRounds "9"]
[EventCountry "ESP"]
[SourceTitle "Ajedrez en Madrid"]
[Source "lmi"]
[SourceDate "2013.07.13"]
[SourceVersion "1"]
[SourceVersionDate "2019.06.21"]
[SourceQuality "1"]

1. d4 d5 2. Nf3 Nf6 3. g3 c5 4. Bg2 Nc6 5. O-O Bf5 6. c4 e6 7. Nc3 Rc8 8. cxd5
Nxd5 9. Nxd5 exd5 10. Bf4 Be4 11. Bh3 Ra8 12. dxc5 Bxf3 13. exf3 Bxc5 14. Re1+
Be7 15. Qb3 Qb6 16. Qxd5 O-O 17. Rad1 Rfd8 18. Qe4 Rxd1 19. Rxd1 Qxb2 20. Rb1
Qxa2 21. Rxb7 Bc5 22. Be3 Bxe3 23. Qxe3 Rd8 24. Bd7 Nb8 25. Qe7 Qa1+ 26. Kg2
Qf6 27. Qxf6 gxf6 28. Ba4 a6 29. Ra7 Kg7 30. Bb3 Rd7 31. Ra8 Rb7 32. Bc4 f5 33.
Bxa6 Nxa6 34. Rxa6 Rb4 35. h4 h5 36. Rc6 1/2-1/2

[Event "15. Obert Int. Sant Martí 2013 - B"]
[Site "Barcelona ESP"]
[Date "2013.07.21"]
[Round "9.22"]
[White "Esteban Bruguera, German"]
[Black "Pujal Moncho, Joaquim"]
[Result "1/2-1/2"]
[WhiteElo "1896"]
[BlackElo "1768"]
[PlyCount "71"]
[EventDate "2013.07.13"]
[EventType "swiss"]
[EventRounds "9"]
[EventCountry "ESP"]
[SourceTitle "Ajedrez en Madrid"]
[Source "lmi"]
[SourceDate "2013.07.13"]
[SourceVersion "1"]
[SourceVersionDate "2019.06.21"]
[SourceQuality "1"]

1. e4 d5 2. exd5 Qxd5 3. Nc3 Qa5 4. Nf3 Bg4 5. Be2 Nf6 6. O-O e6 7. h3 Bxf3 8.
Bxf3 c6 9. d4 Bd6 10. Ne4 Nxe4 11. Bxe4 Nd7 12. c4 Nf6 13. Bf3 O-O 14. Re1 Rfe8
15. c5 Be7 16. Bf4 Nd5 17. Bxd5 exd5 18. Be5 Qd8 19. Qf3 Bf8 20. Re3 Qd7 21.
Rae1 Re6 22. Bf4 Rae8 23. Rxe6 Rxe6 24. Rxe6 Qxe6 25. Qe3 Qxe3 26. Bxe3 b6 27.
b4 b5 28. Kf1 f6 29. Ke2 Kf7 30. Kf3 Ke6 31. Bf4 f5 32. h4 h5 33. g3 Be7 34.
Bg5 Bf8 35. Ke3 g6 36. f4 1/2-1/2

[Event "15. Obert Int. Sant Martí 2013 - B"]
[Site "Barcelona ESP"]
[Date "2013.07.21"]
[Round "9.23"]
[White "Subirana Santos, Marc"]
[Black "Sirletti, Sonia"]
[Result "1-0"]
[WhiteElo "1759"]
[BlackElo "1888"]
[PlyCount "153"]
[EventDate "2013.07.13"]
[EventType "swiss"]
[EventRounds "9"]
[EventCountry "ESP"]
[SourceTitle "Ajedrez en Madrid"]
[Source "lmi"]
[SourceDate "2013.07.13"]
[SourceVersion "1"]
[SourceVersionDate "2019.06.21"]
[SourceQuality "1"]

1. c4 e6 2. Nf3 d5 3. cxd5 exd5 4. d4 Nf6 5. Nc3 c6 6. g3 Bd6 7. Bg2 O-O 8. O-O
h6 9. a3 a5 10. Qc2 Re8 11. e3 Nbd7 12. Bd2 Nf8 13. Na4 Ne6 14. b4 axb4 15.
axb4 Bd7 16. Nc5 Bxc5 17. bxc5 b5 18. cxb6 Qxb6 19. Rab1 Qa7 20. Rfc1 Rec8 21.
Ne5 Nd8 22. Bb4 Be6 23. Bc5 Qa4 24. Be7 Nd7 25. Qxa4 Rxa4 26. Nxd7 Bxd7 27. Ra1
Raa8 28. Ra3 Rxa3 29. Bxa3 Ra8 30. Be7 Ne6 31. Bf3 Ng5 32. Bxg5 hxg5 33. Re1 f5
34. Be2 Ra3 35. h3 Kf7 36. Kg2 Kf6 37. Rb1 Ke6 38. Rb7 Rc3 39. Bh5 Kd6 40. Rb8
c5 41. dxc5+ Kxc5 42. Be8 Bxe8 43. Rxe8 d4 44. exd4+ Kxd4 45. Re7 f4 46. gxf4
gxf4 47. Rxg7 Ke5 48. h4 Kf6 49. Rg8 Ke7 50. Rg4 Kf6 51. Rxf4+ Kg6 52. f3 Rc1
53. Rd4 Kh5 54. Rg4 Rb1 55. Kg3 Rg1+ 56. Kf4 Rf1 57. Rg8 Rf2 58. Rh8+ Kg6 59.
Kg3 Rf1 60. Rg8+ Kh6 61. Rg5 Rg1+ 62. Kf4 Rf1 63. Ke4 Rh1 64. Rg8 Kh7 65. Rg4
Kh6 66. Kf5 Rh3 67. f4 Rh1 68. Kf6 Rf1 69. f5 Kh5 70. Rg2 Rf4 71. Ke6 Rxh4 72.
f6 Rf4 73. Ke7 Re4+ 74. Kf8 Kh6 75. f7 Kh7 76. Rh2+ Kg6 77. Kg8 1-0

[Event "15. Obert Int. Sant Martí 2013 - B"]
[Site "Barcelona ESP"]
[Date "2013.07.21"]
[Round "9.24"]
[White "Martinez Hernandez, Emili"]
[Black "Liarte Genoves, Sergi"]
[Result "0-1"]
[WhiteElo "1756"]
[BlackElo "1880"]
[PlyCount "200"]
[EventDate "2013.07.13"]
[EventType "swiss"]
[EventRounds "9"]
[EventCountry "ESP"]
[SourceTitle "Ajedrez en Madrid"]
[Source "lmi"]
[SourceDate "2013.07.13"]
[SourceVersion "1"]
[SourceVersionDate "2019.06.21"]
[SourceQuality "1"]

1. e4 c5 2. Nc3 e6 3. g3 g6 4. Bg2 Bg7 5. Nge2 Nc6 6. O-O Nge7 7. d3 O-O 8. Be3
Nd4 9. f4 d6 10. g4 f5 11. g5 Rb8 12. Qd2 b5 13. Nd1 Nxe2+ 14. Qxe2 Qc7 15. c3
c4 16. d4 fxe4 17. Bxe4 Nf5 18. Bd2 Bd7 19. Ne3 Rbe8 20. Qg2 Kh8 21. Rae1 a5
22. a3 Qb8 23. Nxf5 gxf5 24. Bc6 Qc7 25. Bxd7 Qxd7 26. h4 Re7 27. h5 Rfe8 28.
h6 Bxh6 29. Rf3 Rg8 30. Kf2 e5 31. dxe5 dxe5 32. Be3 exf4 33. Bd4+ Bg7 34. Rxe7
Bxd4+ 35. cxd4 Qxe7 36. Rxf4 Re8 37. Kg1 Qe1+ 38. Rf1 Qe3+ 39. Kh1 Qxd4 40.
Rxf5 Qh4+ 41. Kg1 Re1+ 42. Rf1 Qd4+ 43. Kh1 Re4 44. Rf3 Rh4+ 45. Rh3 Rxh3+ 46.
Qxh3 Qxb2 47. Qf5 Kg7 48. Qe6 Qc1+ 49. Kh2 Qf4+ 50. Kh3 Qxg5 51. Qd7+ Kf6 52.
Qc6+ Kf7 53. Qd7+ Qe7 54. Qf5+ Qf6 55. Qxh7+ Ke6 56. Qg8+ Ke5 57. Qb8+ Kd4 58.
Qxb5 Qf3+ 59. Kh4 Qf4+ 60. Kh3 Qe3+ 61. Kh4 Qe7+ 62. Kh3 Qxa3+ 63. Kh4 Qb4 64.
Qd7+ Kc3 65. Qg7+ Kb3 66. Qf7 Kb2 67. Qf2+ Ka3 68. Qf1 c3+ 69. Kg5 Qb2 70. Qc4
c2 71. Qc5+ Ka2 72. Qxa5+ Kb1 73. Qf5 Qb3 74. Qe4 Qc3 75. Qb7+ Ka2 76. Qa8+ Qa3
77. Qd5+ Ka1 78. Qd4+ Qb2 79. Qa4+ Kb1 80. Qe4 Qb5+ 81. Kg4 Qb3 82. Kf4 Qh3 83.
Qb4+ Kc1 84. Qe1+ Kb2 85. Qe5+ Qc3 86. Qb5+ Kc1 87. Qf1+ Kd2 88. Qg2+ Kd3 89.
Qe4+ Kd2 90. Qg2+ Kd1 91. Qg4+ Ke1 92. Qg1+ Kd2 93. Qg2+ Kd1 94. Qg4+ Kc1 95.
Qg1+ Kb2 96. Qb6+ Qb3 97. Qd4+ Ka3 98. Qa1+ Kb4 99. Qe1+ Qc3 100. Qe7+ Kb3 0-1

[Event "15. Obert Int. Sant Martí 2013 - B"]
[Site "Barcelona ESP"]
[Date "2013.07.21"]
[Round "9.26"]
[White "Riu Lopez, Daniel"]
[Black "Gonzalez Jurado, Jesus"]
[Result "1-0"]
[WhiteElo "1691"]
[BlackElo "1844"]
[PlyCount "71"]
[EventDate "2013.07.13"]
[EventType "swiss"]
[EventRounds "9"]
[EventCountry "ESP"]
[SourceTitle "Ajedrez en Madrid"]
[Source "lmi"]
[SourceDate "2013.07.13"]
[SourceVersion "1"]
[SourceVersionDate "2019.06.21"]
[SourceQuality "1"]

1. e4 d6 2. d4 Nf6 3. Nc3 g6 4. Nf3 Bg7 5. Be2 O-O 6. O-O c6 7. Be3 Nbd7 8. Qd2
e5 9. Bg5 Qc7 10. Rad1 a6 11. Bc4 b5 12. Bb3 a5 13. a3 b4 14. axb4 axb4 15. Ne2
Nxe4 16. Qxb4 Rb8 17. Qa3 Nxg5 18. Nxg5 d5 19. Nf3 e4 20. Nd2 Re8 21. Nc3 Bxd4
22. Ndxe4 Be5 23. Ng3 Qb6 24. Rfe1 Bb7 25. Qa2 Ra8 26. Qb1 Nc5 27. Re2 Nxb3 28.
cxb3 Qxb3 29. Rde1 f6 30. Kh1 Kf8 31. Qc1 g5 32. Nf5 Ba6 33. Rxe5 fxe5 34. Qxg5
Ra7 35. Qf6+ Kg8 36. Nh6# 1-0

[Event "15. Obert Int. Sant Martí 2013 - B"]
[Site "Barcelona ESP"]
[Date "2013.07.21"]
[Round "9.27"]
[White "Peiron Lluch, Jose Daniel"]
[Black "Terrones Hernandez, Jonathan"]
[Result "1-0"]
[WhiteElo "1798"]
[BlackElo "1711"]
[PlyCount "43"]
[EventDate "2013.07.13"]
[EventType "swiss"]
[EventRounds "9"]
[EventCountry "ESP"]
[SourceTitle "Ajedrez en Madrid"]
[Source "lmi"]
[SourceDate "2013.07.13"]
[SourceVersion "1"]
[SourceVersionDate "2019.06.21"]
[SourceQuality "1"]

1. d4 Nf6 2. e3 d5 3. Bd3 e6 4. f4 b6 5. Nf3 Bd6 6. Nbd2 Nbd7 7. O-O Bb7 8. Ne5
Ne4 9. Qf3 Ndf6 10. g4 Qe7 11. g5 Nxd2 12. Bxd2 Ne4 13. Be1 O-O-O 14. a4 f6 15.
gxf6 gxf6 16. Ng4 Rhg8 17. Kh1 Rg6 18. Rg1 Rdg8 19. Bf2 h5 20. Nh6 Nxf2+ 21.
Qxf2 f5 22. Nxg8 1-0

[Event "15. Obert Int. Sant Martí 2013 - B"]
[Site "Barcelona ESP"]
[Date "2013.07.21"]
[Round "9.28"]
[White "Escofet Llongueras, Joan"]
[Black "Romero Gamez, Francisco Javier"]
[Result "1-0"]
[WhiteElo "1793"]
[BlackElo "1683"]
[PlyCount "49"]
[EventDate "2013.07.13"]
[EventType "swiss"]
[EventRounds "9"]
[EventCountry "ESP"]
[SourceTitle "Ajedrez en Madrid"]
[Source "lmi"]
[SourceDate "2013.07.13"]
[SourceVersion "1"]
[SourceVersionDate "2019.06.21"]
[SourceQuality "1"]

1. c4 Nf6 2. Nc3 g6 3. g3 Bg7 4. Bg2 O-O 5. e4 d6 6. Nge2 c5 7. O-O Nbd7 8. d4
Rb8 9. Rb1 cxd4 10. Nxd4 b6 11. Nc6 Qc7 12. Nxb8 Nxb8 13. b3 Bb7 14. Nd5 Bxd5
15. cxd5 Nbd7 16. Bb2 Nc5 17. Rc1 Qd7 18. Qc2 Qb5 19. a4 Qd3 20. Bxf6 Qxc2 21.
Rxc2 Bxf6 22. Rb1 Rb8 23. f3 Kf8 24. Bf1 h5 25. Bb5 1-0